The Infernal Devices Characters - Statistics

General Stats
  • This quiz has been taken 114 times
  • The average score is 26 of 56
Answer Stats
Hint/Last Name First Name % Correct
Gray Tessa
96%
Branwell Charlotte
95%
Lightwood Gideon
92%
Carstairs Jem
92%
Herondale Will
92%
Branwell Henry
91%
Bane Magnus
91%
Lightwood Gabriel
89%
Lovelace Jessamine
87%
Belcourt Camille
82%
Herondale Cecily
82%
Collins Sophie
82%
Gray Nathanial
75%
Lightwood Benedict
68%
Silent Brother Brother Enoch
68%
Fell Ragnor
67%
Dark Sister Mrs. Dark
66%
Dark Sister Mrs. Black
64%
Mortmain Axel
61%
Greater Demon, Mother of all warlocks Lilith
58%
Tanner Thomas
55%
Cook at the Institute Agatha
54%
Silent Brother Brother Zachariah
54%
Herondale Ella
53%
Daly Bridget
51%
Scott Woolsey
47%
de Quincey Alexei
45%
Starkweather Aloysius
45%
Blackthorn Tatiana
45%
Bayliss Emma
42%
Tanner Cyril
38%
Herondale Edmund
38%
Carstairs Elias
34%
Ghost in Cross Bones Graveyard Old Molly
34%
Wayland Josiah
33%
Angel Ithuriel
32%
Maidservant Automaton Miranda
30%
Human subjugate Archer
26%
Penhallow George
24%
Shade John
24%
Herondale Linette
24%
Highsmith Lilian
22%
Human subjugate Walker
20%
Whitelaw Victor
17%
Morgenstern Amalia
16%
Silent Brother Brother Micah
16%
Fairchild Callida
14%
Moore Elizabeth
14%
Demon trapped in Pyxis Marbas
14%
Silent Brother Brother Cimon
13%
Ashdown Frederick
13%
Kaidou Sora
9%
Malhotra Vijay
9%
Carriage Driver (York) Gottshall
7%
Pangborn Japheth
5%
Minor demon (8th dimension) Thammuz
3%
No matching quizzes found
Score Distribution
Percent of People with Each Score
Percentile by Number Answered
Your Score History
You have not taken this quiz